000 00723nam a2200205Ii 4500
003 JO-AjNU
008 230605s9999||||xx |||||||||||||| ||und||
017 _a2005/6/1394
040 _aJO-AjNU
_bara
_erda
_cJO-AjNU
041 _aara
050 1 4 _aPJ7860.A22.M32 2006
100 3 _aتأليف الربابعة، حسن محمد ,
_eauthor
_937696
245 0 0 _aمدار السيوف: ديوان شعر
264 3 1 _aالكرك - الاردن: مؤسسة رام للتكنولوجيا والكمبيوتر، 2006
300 _a83ص
336 _atext
_btxt
_2rdacontent
337 _aunmediated
_bn
_2rdamedia
338 _avolume
_bnc
_2rdacarrier
650 4 _aالادب العربي - الشعر الحديث
_937697
999 _aA15774
_c19342
_d19342